| 000 | 00465nam a22001937a 4500 | ||
|---|---|---|---|
| 003 | MPLRDC | ||
| 005 | 20220104143504.0 | ||
| 008 | 210129b ||||| |||| 00| 0 eng d | ||
| 020 | _a957-9467-86-2 | ||
| 082 | _a857.7 AQ | ||
| 100 | _a艾情 | ||
| 245 |
_a大漠英豪女神医 _c |
||
| 250 | _a一版 | ||
| 260 |
_a _b金菠萝文化出版社 _c1996 |
||
| 300 | _b平 | ||
| 490 | _a都会爱情小说. 48 | ||
| 650 | _a长篇小说 | ||
| 942 |
_cBK _o857.7 AQ |
||
| 999 |
_c40403 _d40393 |
||